दुरभिसंधि / (Record no. 117592)
[ view plain ]
| 000 -LEADER | |
|---|---|
| fixed length control field | 01091nam a22002897a 4500 |
| 003 - CONTROL NUMBER IDENTIFIER | |
| control field | dpl |
| 005 - DATE AND TIME OF LATEST TRANSACTION | |
| control field | 20210226150842.0 |
| 008 - FIXED-LENGTH DATA ELEMENTS--GENERAL INFORMATION | |
| fixed length control field | 210226b ||||| |||| 00| 0 eng d |
| 010 ## - LIBRARY OF CONGRESS CONTROL NUMBER | |
| LC control number | A-965017 |
| 020 ## - INTERNATIONAL STANDARD BOOK NUMBER | |
| Terms of availability | 300.00 |
| International Standard Book Number | 8173152667 |
| 035 ## - SYSTEM CONTROL NUMBER | |
| System control number | A-965017 |
| 037 ## - SOURCE OF ACQUISITION | |
| Source of stock number/acquisition | Cen Lib/Ret |
| 040 ## - CATALOGING SOURCE | |
| Original cataloging agency | DPL |
| Language of cataloging | HN |
| Transcribing agency | DPL |
| 082 ## - DEWEY DECIMAL CLASSIFICATION NUMBER | |
| Classification number | क |
| Item number | शर्माम |
| 100 ## - MAIN ENTRY--PERSONAL NAME | |
| Personal name | शर्मा, मनु |
| 9 (RLIN) | 75599 |
| 245 ## - TITLE STATEMENT | |
| Title | दुरभिसंधि / |
| Statement of responsibility, etc | मनु शर्मा |
| 246 ## - VARYING FORM OF TITLE | |
| Title proper/short title | Durbhisandhi / |
| Remainder of title | by Manu Sharma |
| 260 ## - PUBLICATION, DISTRIBUTION, ETC. (IMPRINT) | |
| Place of publication, distribution, etc | दिल्ली |
| Name of publisher, distributor, etc | प्रभात प्रकाशन |
| Date of publication, distribution, etc | 1999 |
| 270 ## - ADDRESS | |
| City | दिल्ली |
| Postal code | 110002 |
| Address | 4/11 असफ अली रोड |
| 300 ## - PHYSICAL DESCRIPTION | |
| Extent | 446p. |
| Dimensions | 19से.मी. (सजिल्द) |
| 440 ## - SERIES STATEMENT/ADDED ENTRY--TITLE | |
| Title | कृष्ण की आत्मकथा : भाग 2 |
| 650 ## - SUBJECT ADDED ENTRY--TOPICAL TERM | |
| Topical term or geographic name as entry element | साहित्य--कहानियां |
| 9 (RLIN) | 1200 |
| 650 ## - SUBJECT ADDED ENTRY--TOPICAL TERM | |
| Topical term or geographic name as entry element | हिंदी--कहानियां |
| 9 (RLIN) | 2082 |
| 650 ## - SUBJECT ADDED ENTRY--TOPICAL TERM | |
| Topical term or geographic name as entry element | Literature--Stories |
| 9 (RLIN) | 75600 |
| 650 ## - SUBJECT ADDED ENTRY--TOPICAL TERM | |
| Topical term or geographic name as entry element | Hindi--stories |
| 9 (RLIN) | 75601 |
| 942 ## - ADDED ENTRY ELEMENTS (KOHA) | |
| Source of classification or shelving scheme | Dewey Decimal Classification |
| Koha item type | Hindi Books |
| Classification part | क |
| Call number suffix | शर्माम |
| Withdrawn status | Lost status | Source of classification or shelving scheme | Damaged status | Not for loan | Collection code | Home library | Current library | Date acquired | Source of acquisition | Cost, normal purchase price | Total Checkouts | Full call number | Barcode | Date last seen | Date checked out | Copy number | Cost, replacement price | Price effective from | Koha item type |
|---|---|---|---|---|---|---|---|---|---|---|---|---|---|---|---|---|---|---|---|
| Dewey Decimal Classification | Fiction | Central Library | Central Library | 07/09/2015 | Cen Lib/Ref | 300.00 | 3 | उ शर्माम | A-965017 | 29/12/2019 | 15/12/2019 | 1 | 300.00 | 07/09/2015 | Hindi Books | ||||
| Dewey Decimal Classification | Fiction | Central Library | Central Library | 17/12/2020 | BPPD | 300.00 | 3 | उ शर्माम | B-317454 | 04/12/2023 | 28/11/2023 | 1 | 300.00 | 17/12/2020 | Hindi Books | ||||
| Dewey Decimal Classification | Fiction | Yojana Vihar | Yojana Vihar | 25/07/2019 | BPPD/PUB | 300.00 | उ शर्माम | A-965044 | 25/07/2019 | 1 | 300.00 | 25/07/2019 | Hindi Books |
